[Event "UZB-ch"]
[Site "Tashkent"]
[Date "2024.04.27"]
[Round "15"]
[White "Omonov, Asrorjon"]
[Black "Saydaliev, Akobirkhon"]
[Result "1/2-1/2"]
[WhiteElo "2406"]
[BlackElo "2213"]
[PlyCount "99"]
[EventDate "2024.04.20"]
[EventType "tourn (rapid)"]
[EventRounds "23"]
[EventCountry "UZB"]
[EventCategory "5"]
[SourceTitle "CB18_2024"]
[SourceDate "2024.05.01"]
[SourceVersion "1"]
[SourceVersionDate "2024.05.01"]
[SourceQuality "2"]

1. d4 Nf6 2. c4 g6 3. Nc3 d5 4. Bg5 Ne4 5. cxd5 Nxc3 6. bxc3 Qxd5 7. Nf3 Bg7 8. e3 c5 9. Qb3 Qxb3 10. axb3 h6 11. Bf4 cxd4 12. exd4 Nc6 13. Bb5 Bd7 14. 0-0 g5 15. Bg3 0-0 16. Rfe1 e6 17. h4 g4 18. Bxc6 Bxc6 19. Ne5 Bxe5 20. Bxe5 b5 21. Ra5 a6 22. Rea1 Bd5 23. Rxa6 Rxa6 24. Rxa6 Bxb3 25. Kh2 Rc8 26. Rb6 Bc4 27. h5 Kh7 28. Kg3 Be2 29. Kf4 Rd8 30. Rb7 Kg8 31. Rc7 Rf8 32. Bf6 Ra8 33. f3 gxf3 34. gxf3 Bc4 35. Rb7 Rc8 36. Be5 Bd5 37. Rxb5 f6 38. Bxf6 Rxc3 39. Rb8+ Kf7 40. Be5 Rxf3+ 41. Kg4 Rf5 42. Rh8 Bf3+ 43. Kg3 Bxh5 44. Rxh6 Ke7 45. Kh4 Bf7 46. Rh8 Kd7 47. Kg4 Bg6 48. Ra8 Bh5+ 49. Kg3 Bf3 50. Rh8 1/2-1/2

[Event "UZB-ch"]
[Site "Tashkent"]
[Date "2024.04.23"]
[Round "8"]
[White "Omonov, Asrorjon"]
[Black "Begmuratov, Khumoyun"]
[Result "0-1"]
[WhiteElo "2406"]
[BlackElo "2385"]
[PlyCount "118"]
[EventDate "2024.04.20"]
[EventType "tourn (rapid)"]
[EventRounds "23"]
[EventCountry "UZB"]
[EventCategory "5"]
[SourceTitle "CB18_2024"]
[SourceDate "2024.05.01"]
[SourceVersion "1"]
[SourceVersionDate "2024.05.01"]
[SourceQuality "2"]

1. d4 d5 2. c4 e6 3. Nc3 a6 4. cxd5 exd5 5. Bf4 Nf6 6. Nf3 Bd6 7. Be5 c6 8. e3 Qe7 9. Qc2 Be6 10. Bd3 Nbd7 11. Bxd6 Qxd6 12. 0-0 Bg4 13. Nh4 0-0 14. f3 Be6 15. Rae1 b6 16. Nf5 Bxf5 17. Bxf5 g6 18. Bxd7 Nxd7 19. Kh1 Rad8 20. e4 dxe4 21. Nxe4 Qd5 22. Qa4 Qb5 23. Qc2 Qd5 24. Qa4 Qb5 25. Qc2 Rfe8 26. Rd1 Qd5 27. Qa4 Qb5 28. Qa3 Re6 29. Nc3 Qc4 30. Rc1 Qxd4 31. Rfd1 Qe3 32. Qxa6 Nf8 33. Qf1 Rd2 34. Rxd2 Qxd2 35. Rb1 f5 36. Qd1 Qe3 37. h3 g5 38. Qc2 Qe5 39. Rf1 b5 40. Qb3 Kg7 41. a4 bxa4 42. Qxa4 Ng6 43. Qa7+ Kh6 44. Qa8 Rd6 45. Qc8 Rd2 46. Qxc6 Rxb2 47. Nd1 Rd2 48. Qa6 Qd4 49. Ne3 Qxe3 50. Qf6 Qe5 51. Qf7 Qe2 52. Rg1 f4 53. Qb3 Qd3 54. Qa4 Qd6 55. Rc1 Qe6 56. Rg1 Nh4 57. Rc1 Kh5 58. Qa7 h6 59. Rg1 Rxg2 0-1

[Event "UZB-ch"]
[Site "Tashkent"]
[Date "2024.04.22"]
[Round "6"]
[White "Omonov, Asrorjon"]
[Black "Vokhidov, Shamsiddin"]
[Result "0-1"]
[WhiteElo "2406"]
[BlackElo "2591"]
[PlyCount "76"]
[EventDate "2024.04.20"]
[EventType "tourn (rapid)"]
[EventRounds "23"]
[EventCountry "UZB"]
[EventCategory "5"]
[SourceTitle "CB18_2024"]
[SourceDate "2024.05.01"]
[SourceVersion "1"]
[SourceVersionDate "2024.05.01"]
[SourceQuality "2"]

1. d4 Nf6 2. c4 e6 3. Nc3 Bb4 4. Nf3 b6 5. Bg5 h6 6. Bh4 Bb7 7. e3 g5 8. Bg3 Ne4 9. Qc2 Bxc3+ 10. bxc3 d6 11. Nd2 Nxg3 12. hxg3 Nd7 13. Rh2 h5 14. Be2 Qf6 15. Bf3 0-0-0 16. Bxb7+ Kxb7 17. a4 a5 18. Qe4+ c6 19. Ke2 Rh6 20. Rah1 Rdh8 21. Qb1 Qe7 22. Qb2 Kc7 23. Rb1 h4 24. g4 Rb8 25. Qc2 e5 26. d5 Nc5 27. Ne4 Qd7 28. Nxc5 dxc5 29. Qe4 Rd6 30. dxc6 Rd2+ 31. Kf3 Qd6 32. g3 Rh8 33. gxh4 gxh4 34. g5 f5 35. gxf6 Qxf6+ 36. Kg4 Rg8+ 37. Kh3 Qe6+ 38. Kxh4 Qh6# 0-1

[Event "UZB-ch"]
[Site "Tashkent"]
[Date "2024.04.21"]
[Round "3"]
[White "Suyarov, Mukhammadzokhid"]
[Black "Omonov, Asrorjon"]
[Result "1-0"]
[WhiteElo "2405"]
[BlackElo "2406"]
[PlyCount "73"]
[EventDate "2024.04.20"]
[EventType "tourn (rapid)"]
[EventRounds "23"]
[EventCountry "UZB"]
[EventCategory "5"]
[SourceTitle "CB18_2024"]
[SourceDate "2024.05.01"]
[SourceVersion "1"]
[SourceVersionDate "2024.05.01"]
[SourceQuality "2"]

1. e4 e5 2. Nf3 Nc6 3. Bb5 a6 4. Ba4 Nge7 5. c3 Ng6 6. h4 d6 7. d4 Bg4 8. Bxc6+ bxc6 9. Qa4 Qd7 10. h5 Nf4 11. Bxf4 exf4 12. Nbd2 Be7 13. Nb3 h6 14. Nfd2 0-0 15. f3 Be6 16. Na5 Qd8 17. 0-0-0 Bh4 18. Qxc6 Bd7 19. Qc4 Bb5 20. Qd5 Bf2 21. Ndc4 Qd7 22. b3 Rad8 23. a4 Bxc4 24. Qxc4 Be3+ 25. Kb2 Qe7 26. Qd5 Rde8 27. Nc6 Qd7 28. Rd3 Kh8 29. g4 Qc8 30. Ka2 Qb7 31. b4 Re6 32. Rb1 Ra8 33. c4 Bf2 34. Rdb3 Qc8 35. a5 Qe8 36. b5 axb5 37. Rxb5 1-0

[Event "Moscow Aeroflot op-A"]
[Site "Moscow"]
[Date "2024.03.05"]
[Round "6"]
[White "Omonov, Asrorjon"]
[Black "Madaminov, Mukhiddin"]
[Result "0-1"]
[WhiteElo "2401"]
[BlackElo "2512"]
[PlyCount "86"]
[EventDate "2024.03.03"]
[EventType "swiss"]
[EventRounds "9"]
[EventCountry "RUS"]
[SourceTitle "CB11_2024"]
[SourceDate "2024.03.13"]
[SourceVersion "1"]
[SourceVersionDate "2024.03.13"]
[SourceQuality "1"]

1. d4 Nf6 2. c4 e6 3. Nc3 Bb4 4. e3 0-0 5. Bd3 d5 6. cxd5 exd5 7. Nge2 Re8 8. 0-0 b6 9. Qc2 c5 10. dxc5 bxc5 11. Rd1 Bb7 12. b3 Nbd7 13. Bb2 Qe7 14. Bf5 Nb6 15. Nb5 Ba6 16. a3 Bxb5 17. axb4 Bxe2 18. Qxe2 d4 19. Rac1 cxb4 20. Bxd4 Nbd5 21. Qa6 Nc3 22. Re1 Nfd5 23. Qa5 Qd8 24. Qa6 Qe7 25. Bg4 Nc7 26. Qc6 N7d5 27. Qa6 Nc7 28. Qc4 N7b5 29. Bc5 Qd8 30. Bf3 Rc8 31. Qxb4 a5 32. Qc4 Qg5 33. Rxc3 Nxc3 34. Qxc3 Qxc5 35. Qa1 Qc3 36. Qb1 Red8 37. Be2 Rb8 38. Bc4 a4 39. Rc1 Qd2 40. Rf1 axb3 41. Bxb3 Qc3 42. Bxf7+ Kxf7 43. Qxh7 Qd3 0-1

[Event "Moscow Aeroflot op-A"]
[Site "Moscow"]
[Date "2024.03.03"]
[Round "1"]
[White "Vokhidov, Shamsiddin"]
[Black "Omonov, Asrorjon"]
[Result "1/2-1/2"]
[WhiteElo "2596"]
[BlackElo "2401"]
[PlyCount "50"]
[EventDate "2024.03.03"]
[EventType "swiss"]
[EventRounds "9"]
[EventCountry "RUS"]
[SourceTitle "CB11_2024"]
[SourceDate "2024.03.13"]
[SourceVersion "1"]
[SourceVersionDate "2024.03.13"]
[SourceQuality "1"]

1. e4 c6 2. d4 d5 3. e5 c5 4. dxc5 Nc6 5. f4 e6 6. Be3 d4 7. Bf2 Bxc5 8. Nd2 Nge7 9. a3 Nd5 10. Qf3 Ne3 11. Bd3 g5 12. Bxe3 dxe3 13. Nb3 Nd4 14. Nxd4 Bxd4 15. Rd1 Qa5+ 16. c3 gxf4 17. Qxf4 Bxe5 18. Qxe3 Bd7 19. Nf3 Bc7 20. Bc2 0-0-0 21. Ng5 Bb6 22. Qf4 Bc7 23. Qe3 Bb6 24. Qf4 Bc7 25. Qe3 Bb6 1/2-1/2

[Event "Wch Blitz"]
[Site "Samarkand"]
[Date "2023.12.30"]
[Round "20"]
[White "Omonov, Asrorjon"]
[Black "Chigaev, Maksim"]
[Result "0-1"]
[WhiteElo "2224"]
[BlackElo "2621"]
[PlyCount "54"]
[EventDate "2023.12.29"]
[EventType "swiss (blitz)"]
[EventRounds "21"]
[EventCountry "UZB"]
[SourceTitle "CB01_2024"]
[SourceDate "2024.01.03"]
[SourceVersion "1"]
[SourceVersionDate "2024.01.03"]
[SourceQuality "1"]

1. d4 Nf6 2. c4 g6 3. Nc3 Bg7 4. e4 d6 5. h3 e5 6. Nf3 exd4 7. Nxd4 0-0 8. Be3 Re8 9. Bd3 d5 10. cxd5 Nxd5 11. Nxd5 c6 12. 0-0 cxd5 13. exd5 Qxd5 14. Be2 a6 15. Bf3 Qa5 16. Qb3 Nd7 17. Rac1 Ne5 18. Be2 b5 19. Rfd1 Bb7 20. Bf1 Rad8 21. Nc2 Nc6 22. a3 Qa4 23. Qxa4 bxa4 24. Nd4 Nxd4 25. Rd3 Be4 26. Rdd1 Nc2 27. Bd2 Bxb2 0-1

[Event "Wch Blitz"]
[Site "Samarkand"]
[Date "2023.12.30"]
[Round "16"]
[White "Omonov, Asrorjon"]
[Black "Ruck, Robert"]
[Result "1-0"]
[WhiteElo "2224"]
[BlackElo "2531"]
[PlyCount "87"]
[EventDate "2023.12.29"]
[EventType "swiss (blitz)"]
[EventRounds "21"]
[EventCountry "UZB"]
[SourceTitle "CB01_2024"]
[SourceDate "2024.01.03"]
[SourceVersion "1"]
[SourceVersionDate "2024.01.03"]
[SourceQuality "1"]

1. d4 Nf6 2. c4 e6 3. Nc3 Bb4 4. e3 0-0 5. Bd3 c5 6. Nge2 d5 7. 0-0 cxd4 8. exd4 dxc4 9. Bxc4 Nbd7 10. a3 Be7 11. Qd3 Nb6 12. Bb3 Bd7 13. Bg5 Bc6 14. Rad1 Nfd5 15. Bc1 Re8 16. Rfe1 Bf8 17. Bc2 g6 18. Ng3 Nxc3 19. bxc3 Bg7 20. c4 Rc8 21. Bb3 Qd7 22. Be3 Ba4 23. Rc1 Bxb3 24. Qxb3 Qa4 25. Qxa4 Nxa4 26. Ne4 Red8 27. d5 Nb2 28. Rb1 Nxc4 29. dxe6 fxe6 30. Bxa7 Ra8 31. Rxb7 Nxa3 32. Ng5 Nc2 33. Rc1 Nd4 34. Rxg7+ Kxg7 35. Bxd4+ Kg8 36. Be3 Rd6 37. h4 Rda6 38. Rc7 h5 39. Bd4 Ra4 40. Rg7+ Kf8 41. Nxe6+ Ke8 42. Nc7+ Kf8 43. Nxa8 Rxd4 44. Rxg6 1-0

[Event "Wch Blitz"]
[Site "Samarkand"]
[Date "2023.12.30"]
[Round "17"]
[White "Paravyan, David"]
[Black "Omonov, Asrorjon"]
[Result "0-1"]
[WhiteElo "2612"]
[BlackElo "2224"]
[PlyCount "156"]
[EventDate "2023.12.29"]
[EventType "swiss (blitz)"]
[EventRounds "21"]
[EventCountry "UZB"]
[SourceTitle "CB01_2024"]
[SourceDate "2024.01.03"]
[SourceVersion "1"]
[SourceVersionDate "2024.01.03"]
[SourceQuality "1"]

1. e4 c6 2. Nf3 d5 3. Nc3 Bg4 4. h3 Bxf3 5. Qxf3 e6 6. d4 dxe4 7. Qe3 Nf6 8. Be2 Be7 9. 0-0 Nbd7 10. Nxe4 Nxe4 11. Qxe4 Nf6 12. Qd3 0-0 13. Rd1 a5 14. a4 Qc7 15. c3 Bd6 16. g3 h6 17. Bf3 Rad8 18. Qc2 Rd7 19. Kg2 Rfd8 20. Re1 Qb6 21. Be3 Nd5 22. Bd2 c5 23. Bxd5 exd5 24. Be3 c4 25. Bd2 Qc6 26. Re2 Rb8 27. Rae1 Rdd8 28. h4 b5 29. axb5 Qxb5 30. Bc1 a4 31. Qf5 Bf8 32. g4 Qd7 33. Qf3 Rb6 34. g5 hxg5 35. hxg5 Rg6 36. Qh5 Qf5 37. Rh1 f6 38. Rh3 Qb1 39. Bf4 Qf5 40. Ree3 Rc8 41. Reg3 a3 42. bxa3 Bxa3 43. Rg4 Bf8 44. Qh7+ Kf7 45. Rhg3 Qe4+ 46. Kh2 Ra8 47. Re3 Qf5 48. Qh3 Ra1 49. Rh4 Qxh3+ 50. Rhxh3 fxg5 51. Be5 g4 52. Rh5 Be7 53. Kg2 Rg5 54. Rh7 Bf6 55. Bxf6 Kxf6 56. Rh8 Rd1 57. Rf8+ Kg6 58. Re6+ Kh7 59. Re5 Rxe5 60. dxe5 Re1 61. Re8 Kg6 62. e6 Kf6 63. Rf8+ Ke7 64. Rf7+ Kxe6 65. Rxg7 Re4 66. Kg3 d4 67. cxd4 Rxd4 68. f3 gxf3 69. Kxf3 Kd5 70. Ke3 Rd3+ 71. Ke2 Kd4 72. Ra7 Kc3 73. Ra3+ Kc2 74. Ra2+ Kb3 75. Ra8 Rd7 76. Rc8 c3 77. Rc6 Rd5 78. Rc8 c2 0-1

[Event "Wch Blitz"]
[Site "Samarkand"]
[Date "2023.12.30"]
[Round "13"]
[White "Savchenko, Boris"]
[Black "Omonov, Asrorjon"]
[Result "0-1"]
[WhiteElo "2505"]
[BlackElo "2224"]
[PlyCount "158"]
[EventDate "2023.12.29"]
[EventType "swiss (blitz)"]
[EventRounds "21"]
[EventCountry "UZB"]
[SourceTitle "CB01_2024"]
[SourceDate "2024.01.03"]
[SourceVersion "1"]
[SourceVersionDate "2024.01.03"]
[SourceQuality "1"]

1. d4 Nf6 2. c4 e6 3. Nc3 Bb4 4. e3 c5 5. a3 Bxc3+ 6. bxc3 d6 7. Bd3 Nc6 8. Ne2 0-0 9. 0-0 e5 10. e4 h6 11. h3 Re8 12. d5 Ne7 13. f4 exf4 14. Nxf4 Nd7 15. Nh5 Ng6 16. Be3 Nde5 17. Be2 Bd7 18. Rb1 b6 19. Qd2 Kh7 20. Kh2 Qh4 21. Bf4 Bg4 22. Ng3 Bxe2 23. Nxe2 Nxc4 24. Qd3 Nce5 25. Qg3 Qxg3+ 26. Bxg3 Rad8 27. Rbd1 Rd7 28. Nc1 Nc4 29. Rde1 Rde7 30. e5 Ncxe5 31. Re4 f6 32. Ra4 b5 33. Ra5 Rb7 34. Nb3 Rb6 35. Rxa7 Re7 36. Ra8 h5 37. Nd2 h4 38. Bf2 f5 39. Bg1 f4 40. Rd8 Nf7 41. Ra8 Ng5 42. Bf2 Ne4 43. Nf3 Rbb7 44. Be1 Ra7 45. Rb8 Rxa3 46. Rxb5 Ra1 47. Rb8 Kh6 48. Rd8 Ng3 49. Rg1 Ra6 50. c4 Re4 51. Rg8 Rxc4 52. Bd2 Re4 53. Rb1 Ne7 54. Rh8+ Kg6 55. Nxh4+ Kf7 56. Nf3 Re2 57. Bxf4 Raa2 58. Rg1 Ne4 59. Rd8 Nxd5 60. Bxd6 Ndf6 61. Bf4 Ke7 62. Rb8 c4 63. Nd4 Reb2 64. Nf5+ Kf7 65. Rc8 c3 66. Be5 Rc2 67. Bd4 Nd5 68. Rd8 Nf4 69. Nd6+ Nxd6 70. Rxd6 Rxg2+ 71. Rxg2 Rxg2+ 72. Kh1 Rd2 73. Rd7+ Ke6 74. Rc7 Rxd4 75. Rxc3 Kf5 76. Rc5+ Rd5 77. Rc3 g5 78. Kh2 Rd2+ 79. Kg1 Ne2+ 0-1

[Event "Wch Rapid"]
[Site "Samarkand"]
[Date "2023.12.28"]
[Round "12"]
[White "Omonov, Asrorjon"]
[Black "Bogdan, David"]
[Result "1-0"]
[WhiteElo "2224"]
[BlackElo "1671"]
[PlyCount "65"]
[EventDate "2023.12.26"]
[EventType "swiss (rapid)"]
[EventRounds "13"]
[EventCountry "UZB"]
[SourceTitle "CB01_2024"]
[SourceDate "2024.01.03"]
[SourceVersion "1"]
[SourceVersionDate "2024.01.03"]
[SourceQuality "1"]

1. d4 d5 2. c4 e6 3. Nc3 Be7 4. Nf3 Nf6 5. e3 0-0 6. Bd3 c6 7. 0-0 dxc4 8. Bxc4 c5 9. Qe2 Nc6 10. Rd1 cxd4 11. exd4 a6 12. Bb3 b5 13. d5 Na5 14. dxe6 Qc7 15. exf7+ Kh8 16. Nd5 Nxd5 17. Bxd5 Bb7 18. Ne5 Bxd5 19. Rxd5 Qb6 20. Be3 Qe6 21. Rad1 Nc4 22. Nxc4 bxc4 23. Qxc4 Qxf7 24. h3 h6 25. b3 Bg5 26. Bxg5 Qxf2+ 27. Kh1 hxg5 28. Rxg5 Rf7 29. Rh5+ Kg8 30. Qe4 Raa7 31. Rd8+ Rf8 32. Qh7+ Kf7 33. Rf5+ 1-0

[Event "Wch Rapid"]
[Site "Samarkand"]
[Date "2023.12.27"]
[Round "9"]
[White "Harutyunian, Tigran K"]
[Black "Omonov, Asrorjon"]
[Result "1-0"]
[WhiteElo "2519"]
[BlackElo "2224"]
[PlyCount "275"]
[EventDate "2023.12.26"]
[EventType "swiss (rapid)"]
[EventRounds "13"]
[EventCountry "UZB"]
[SourceTitle "CB01_2024"]
[SourceDate "2024.01.03"]
[SourceVersion "1"]
[SourceVersionDate "2024.01.03"]
[SourceQuality "1"]

1. Nf3 Nf6 2. g3 d5 3. Bg2 c6 4. 0-0 Bg4 5. d4 e6 6. Nbd2 Nbd7 7. Re1 Be7 8. e4 dxe4 9. Nxe4 Nxe4 10. Rxe4 Nf6 11. Re1 0-0 12. c3 a5 13. Qb3 Bxf3 14. Bxf3 Qd7 15. a4 Nd5 16. h4 Rfe8 17. Kg2 Bf6 18. h5 h6 19. Bd2 Reb8 20. Qc2 Rc8 21. Re4 c5 22. dxc5 Rxc5 23. Rd1 Rac8 24. Rg4 Rc4 25. Rxc4 Rxc4 26. b3 Rc8 27. c4 Qc7 28. Qe4 Nc3 29. Bxc3 Bxc3 30. Qxb7 Qxb7 31. Bxb7 Rb8 32. Rd7 Bb4 33. Bc6 Kf8 34. Bb5 Rc8 35. f4 Bc5 36. Kf3 Bb4 37. Ke4 Rc5 38. Rd8+ Ke7 39. Re8+ Kf6 40. g4 Rc7 41. Rd8 Bc5 42. Rd2 Bb4 43. Rd3 Ba3 44. Rg3 Rc5 45. Bd7 Ke7 46. Bb5 Kf6 47. Kd4 Bb4 48. Ke4 Ba3 49. Rd3 Rc7 50. Kf3 Bb4 51. Rd1 Ba3 52. Kg3 Bc5 53. Rd3 Bb6 54. Rd2 Bc5 55. Rd3 Bb4 56. Kh4 Be1+ 57. Kh3 Bb4 58. Rd1 Bc5 59. Kg3 Bb6 60. f5 Bc5 61. fxe6 fxe6 62. Kf4 Bb4 63. Rd8 Bc5 64. Ra8 Bb4 65. Ra6 Bd2+ 66. Kf3 Bb4 67. Ke4 Bc3 68. Bc6 Kg5 69. Be8 Kf6 70. Rb6 Bb4 71. Rb5 Rc8 72. Bg6 Rc7 73. Kf4 Bd2+ 74. Kf3 Bb4 75. Be4 Ke7 76. Rb6 Rd7 77. Rb5 Rc7 78. Kf4 Kf6 79. Rb6 Bd2+ 80. Kf3 Ke5 81. Bg6 Bb4 82. Rb8 Rd7 83. Ke3 Bc5+ 84. Ke2 Bb4 85. Ke3 Bc5+ 86. Ke2 Bb4 87. Kf3 Kd4 88. Rc8 Ba3 89. Rc6 e5 90. Rb6 Bb4 91. Bf5 Re7 92. Rb8 e4+ 93. Ke2 Kc3 94. Rc8 Re5 95. Rc7 Re7 96. Rc8 Re5 97. Ke3 Kxb3 98. Bxe4 Kxa4 99. Kd4 Re7 100. c5 Kb3 101. Bd5+ Kb2 102. Kc4 Be1 103. Ra8 Rc7 104. c6 Re7 105. Kb5 Kc3 106. Rxa5 Kd4 107. Ra1 Bg3 108. Bg8 Ke3 109. Bh7 Kf4 110. Bf5 Kg5 111. Bd7 Re2 112. Rc1 Bc7 113. Bf5 Re5+ 114. Ka6 Re7 115. Bd7 g6 116. Kb7 Bf4 117. Rc5+ Kf6 118. hxg6 Kxg6 119. Rd5 Re2 120. c7 Rb2+ 121. Bb5 Bxc7 122. Kxc7 Rb4 123. Be8+ Kf6 124. Bh5 Re4 125. Rf5+ Kg7 126. Kd6 Re1 127. Rf7+ Kg8 128. Re7 Rd1+ 129. Ke6 Rf1 130. Bg6 Rf2 131. Ra7 Rf8 132. Bh7+ Kh8 133. Bf5 Kg8 134. Re7 Rb8 135. Kf6 Rb6+ 136. Be6+ Kh8 137. Kg6 Rb8 138. Rh7# 1-0

[Event "Wch Rapid"]
[Site "Samarkand"]
[Date "2023.12.27"]
[Round "8"]
[White "Omonov, Asrorjon"]
[Black "Pingin, Artem"]
[Result "0-1"]
[WhiteElo "2224"]
[BlackElo "2419"]
[PlyCount "84"]
[EventDate "2023.12.26"]
[EventType "swiss (rapid)"]
[EventRounds "13"]
[EventCountry "UZB"]
[SourceTitle "CB01_2024"]
[SourceDate "2024.01.03"]
[SourceVersion "1"]
[SourceVersionDate "2024.01.03"]
[SourceQuality "1"]

1. d4 d5 2. c4 dxc4 3. Nf3 Nf6 4. e3 e6 5. Bxc4 a6 6. Bd3 c5 7. 0-0 Nc6 8. a3 cxd4 9. exd4 Be7 10. Nc3 0-0 11. Bc2 b5 12. Qd3 Bb7 13. Bg5 g6 14. Rfe1 b4 15. Na4 Nd5 16. Bh6 Re8 17. Nc5 Qc7 18. Rac1 Bf8 19. Bxf8 Rxf8 20. Ba4 Rac8 21. Qd2 Qe7 22. h4 Ba8 23. h5 Rfd8 24. hxg6 hxg6 25. Qh6 Qf8 26. Qh4 Qg7 27. Bxc6 Bxc6 28. Nxe6 fxe6 29. Rxc6 Rxc6 30. Qxd8+ Qf8 31. Qg5 Qf5 32. Qd8+ Qf8 33. Qg5 Qf5 34. Qg3 Nf4 35. Qh4 Rc8 36. g3 Ne2+ 37. Kg2 Rf8 38. Rxe2 Qxf3+ 39. Kf1 Rc8 40. Qh6 Rc1+ 41. Re1 Qd3+ 42. Kg2 Rxe1 0-1

[Event "Wch Rapid"]
[Site "Samarkand"]
[Date "2023.12.26"]
[Round "4"]
[White "Omonov, Asrorjon"]
[Black "Ter Sahakyan, Samvel"]
[Result "1/2-1/2"]
[WhiteElo "2224"]
[BlackElo "2643"]
[PlyCount "218"]
[EventDate "2023.12.26"]
[EventType "swiss (rapid)"]
[EventRounds "13"]
[EventCountry "UZB"]
[SourceTitle "CB01_2024"]
[SourceDate "2024.01.03"]
[SourceVersion "1"]
[SourceVersionDate "2024.01.03"]
[SourceQuality "1"]

1. d4 Nf6 2. c4 e6 3. Nc3 d5 4. Nf3 Bb4 5. e3 0-0 6. Bd3 c5 7. cxd5 exd5 8. 0-0 c4 9. Be2 Bf5 10. Bd2 Nc6 11. h3 Rc8 12. a3 Bd6 13. Ne1 Re8 14. g4 Bg6 15. f4 Ne4 16. f5 Qh4 17. Rf3 Ng5 18. Bf1 Bg3 19. Bg2 Nxh3+ 20. Bxh3 Qxh3 21. Qe2 Nxd4 22. Qg2 Qxg2+ 23. Kxg2 Bxe1 24. Rxe1 Nxf3 25. Kxf3 Re5 26. fxg6 fxg6 27. Ne2 Rf8+ 28. Kg3 h5 29. gxh5 gxh5 30. Nf4 Kh7 31. Bc3 Rg5+ 32. Kh4 Kh6 33. Rd1 Rff5 34. Kh3 a6 35. a4 b5 36. axb5 axb5 37. Ra1 Rf7 38. Ra6+ Kh7 39. Kh4 Rff5 40. Ra7 Rg1 41. Kh3 Kh6 42. Kh2 Rg4 43. Ra8 Kh7 44. Ra7 b4 45. Bd4 Kh6 46. Ra8 Kh7 47. Ra7 Rf8 48. Rb7 b3 49. Rd7 Rf5 50. Kh3 Rgg5 51. Ne6 Rg4 52. Nf4 Rg1 53. Kh2 Rgg5 54. Kh3 Kh6 55. Rd8 Kh7 56. Rd7 Kg8 57. Rc7 Rg1 58. Rd7 Rf7 59. Rxd5 g5 60. Rd8+ Rf8 61. Rxf8+ Kxf8 62. Nxh5 Kf7 63. Ng3 Kg6 64. Kg4 Rc1 65. Ne4 Rg1+ 66. Ng3 Rg2 67. Kf3 Rd2 68. Ne4 Rc2 69. Kg4 Rg2+ 70. Kf3 Rg1 71. Ng3 Rd1 72. Kg4 Rc1 73. Ne4 Rg1+ 74. Ng3 Rc1 75. Ne4 Rh1 76. Ng3 Rg1 77. Kf3 Kf7 78. Ne4 Ke6 79. Kf2 Rc1 80. Kf3 Kd5 81. Nc3+ Kc6 82. Ne4 Kd5 83. Nc3+ Ke6 84. Ne4 Kf5 85. Ng3+ Kg6 86. Ne4 Kh5 87. Kg3 Rg1+ 88. Kf2 Rc1 89. Kg3 Rc2 90. Kh3 Rc1 91. Kg3 Rd1 92. Kh3 Kg6 93. Kg4 Rc1 94. Kf3 Kh5 95. Kg3 Rf1 96. Kg2 Rc1 97. Kg3 Rc2 98. Kh3 Kh6 99. Kg3 Kg6 100. Kg4 Rc1 101. Kf3 Kf5 102. Ng3+ Ke6 103. Ne4 Kd5 104. Nc3+ Kc6 105. Ne4 Rc2 106. Kg4 Rg2+ 107. Kf3 Rc2 108. Kg4 Rg2+ 109. Kf3 Rg1 1/2-1/2

[Event "Sant Boi de Llobregat op 4th"]
[Site "Sant Boi de Llobregat"]
[Date "2023.12.07"]
[Round "8"]
[White "Omonov, Asrorjon"]
[Black "Movsziszian, Karen"]
[Result "1/2-1/2"]
[WhiteElo "2224"]
[BlackElo "2435"]
[PlyCount "61"]
[EventDate "2023.11.30"]
[EventType "swiss"]
[EventRounds "9"]
[EventCountry "ESP"]
[SourceTitle "CB50_2023"]
[SourceDate "2023.12.13"]
[SourceVersion "1"]
[SourceVersionDate "2023.12.13"]
[SourceQuality "1"]

1. d4 d6 2. e4 g6 3. Nc3 Bg7 4. f4 Nf6 5. Nf3 0-0 6. e5 dxe5 7. fxe5 Nd5 8. Bc4 Nxc3 9. bxc3 c5 10. 0-0 Nc6 11. Be3 Bg4 12. Qd2 Qa5 13. Ng5 cxd4 14. cxd4 Qxd2 15. Bxd2 Nxd4 16. Rxf7 Rxf7 17. Bxf7+ Kh8 18. c3 Nc6 19. Bb3 h6 20. Nf7+ Kh7 21. h3 Bf5 22. g4 Bd3 23. Rd1 Nxe5 24. Nxe5 Bxe5 25. Bxh6 Kxh6 26. Rxd3 Rc8 27. c4 Kg5 28. Kg2 Bd6 29. Rf3 Rc5 30. Re3 b6 31. Kf3 1/2-1/2

[Event "Sant Boi de Llobregat op 4th"]
[Site "Sant Boi de Llobregat"]
[Date "2023.12.06"]
[Round "7"]
[White "Kochavi, Ori"]
[Black "Omonov, Asrorjon"]
[Result "1/2-1/2"]
[WhiteElo "2430"]
[BlackElo "2224"]
[PlyCount "77"]
[EventDate "2023.11.30"]
[EventType "swiss"]
[EventRounds "9"]
[EventCountry "ESP"]
[SourceTitle "CB50_2023"]
[SourceDate "2023.12.13"]
[SourceVersion "1"]
[SourceVersionDate "2023.12.13"]
[SourceQuality "1"]

1. Nf3 Nf6 2. g3 d5 3. Bg2 c6 4. 0-0 Bg4 5. b3 Nbd7 6. Bb2 e6 7. d3 Bd6 8. Nbd2 0-0 9. e4 dxe4 10. dxe4 Ne5 11. h3 Nxf3+ 12. Nxf3 Bxf3 13. Qxf3 e5 14. Qf5 Qe7 15. Rad1 Rad8 16. Rd3 Nd7 17. Rfd1 Nc5 18. R3d2 g6 19. Qf3 Ne6 20. h4 Bc7 21. Bh3 Rxd2 22. Rxd2 Rd8 23. Rxd8+ Nxd8 24. Bc1 Ne6 25. c3 Bb6 26. Bf1 h5 27. Bc4 Kg7 28. b4 a5 29. a3 axb4 30. axb4 Ba7 31. Bb3 Bb6 32. Kg2 Ba7 33. Qd3 Qd8 34. Qe2 Qd7 35. Qa2 Bb6 36. Bxe6 Qxe6 37. Qa8 Qf6 38. f3 Qe6 39. Bh6+ 1/2-1/2

[Event "World ol U16"]
[Site "Eindhoven"]
[Date "2023.08.15"]
[Round "5.2"]
[White "Kilic, Eray"]
[Black "Omonov, Asrorjon"]
[Result "1-0"]
[WhiteElo "2433"]
[BlackElo "2120"]
[PlyCount "95"]
[EventDate "2023.08.13"]
[EventType "team-swiss"]
[EventRounds "9"]
[EventCountry "NED"]
[SourceTitle "CBM 215 Extra"]
[Source "ChessBase"]
[SourceDate "2023.09.30"]
[SourceVersion "1"]
[SourceVersionDate "2023.09.30"]
[SourceQuality "1"]
[WhiteTeam "Turkey"]
[BlackTeam "Uzbekistan"]
[WhiteTeamCountry "TUR"]
[BlackTeamCountry "UZB"]

1. e4 c6 2. d4 d5 3. e5 c5 4. dxc5 Nc6 5. Bb5 e6 6. Be3 Nge7 7. Nf3 Nf5 8. Bd4 Bd7 9. Bxc6 Bxc6 10. 0-0 g6 11. c3 Bg7 12. a4 a5 13. Na3 0-0 14. Nb5 Qd7 15. Qd3 Nxd4 16. cxd4 b6 17. Rfc1 Rfb8 18. Nd6 Bh6 19. Rc3 bxc5 20. Rxc5 Rxb2 21. Qc3 Rab8 22. Nb5 R2xb5 23. axb5 Bxb5 24. Rc7 Qd8 25. h3 a4 26. Nh2 Bc4 27. Ra7 Bf4 28. g3 Bh6 29. Qf3 Qf8 30. Ng4 Bg7 31. R1xa4 h5 32. Nf6+ Bxf6 33. Qxf6 Bd3 34. Ra1 Be4 35. Kh2 Rc8 36. Rb7 Qg7 37. Raa7 Rf8 38. Qxe6 h4 39. Qf6 hxg3+ 40. Kxg3 Qxf6 41. exf6 g5 42. Kg4 Bg6 43. Kxg5 Rc8 44. h4 Rf8 45. Rd7 Be4 46. h5 Bf3 47. h6 Be4 48. f3 1-0

[Event "World ol U16"]
[Site "Eindhoven"]
[Date "2023.08.13"]
[Round "1.6"]
[White "Omonov, Asrorjon"]
[Black "Ajith, Aayush"]
[Result "1-0"]
[WhiteElo "2120"]
[BlackElo "1905"]
[PlyCount "101"]
[EventDate "2023.08.13"]
[EventType "team-swiss"]
[EventRounds "9"]
[EventCountry "NED"]
[SourceTitle "CBM 215 Extra"]
[Source "ChessBase"]
[SourceDate "2023.09.30"]
[SourceVersion "1"]
[SourceVersionDate "2023.09.30"]
[SourceQuality "1"]
[WhiteTeam "Uzbekistan"]
[BlackTeam "Canada II"]
[WhiteTeamCountry "UZB"]
[BlackTeamCountry "CAN"]

1. d4 Nf6 2. c4 e6 3. Nc3 d5 4. cxd5 exd5 5. Bg5 Nbd7 6. e3 h6 7. Bh4 Be7 8. Bd3 0-0 9. Qc2 Re8 10. Nge2 c6 11. 0-0 Ne4 12. Bxe7 Qxe7 13. Rae1 Nef6 14. Ng3 c5 15. Nf5 Qf8 16. dxc5 Nxc5 17. Be2 Nce4 18. Nd4 Be6 19. Rc1 Rac8 20. Qd3 Nxc3 21. Rxc3 Rxc3 22. Qxc3 Rc8 23. Qb3 Qe7 24. Rd1 a6 25. h3 Ne4 26. Bf3 b5 27. Nxe6 Qxe6 28. Bg4 f5 29. Rxd5 Rc1+ 30. Kh2 fxg4 31. Rd8+ Kf7 32. Rf8+ Kxf8 33. Qxe6 Nf6 34. hxg4 Rc4 35. f3 a5 36. Qd6+ Kf7 37. Qb6 Rb4 38. b3 a4 39. bxa4 Rxa4 40. Qxb5 Ra7 41. a4 Re7 42. e4 Nd7 43. a5 Nf8 44. a6 Ne6 45. Qb6 Nc7 46. a7 Na8 47. Qb8 Re8 48. Qb7+ Kf8 49. e5 Kg8 50. e6 Kf8 51. Qf7# 1-0